000 00519nam a2200181Ia 4500
999 _c19108
_d19108
003 OSt
005 20200701115913.0
008 190216s9999||||xx |||||||||||||| ||und||
020 _a0460093673
040 _coclc
082 _a909
_bSOU/I
100 _aSouthgate, George W
_93391
245 0 _aAn Introduction To World History /
_cGeorge W Southgate
260 _bJ M Dent &sons Ltd,
_c1960.
_aLondon:
300 _a257p
650 _aWorld History
942 _cBK
_2ddc
_h909
_iSOU/I
_k909
_mSOU/I